00738nam a22002177a 450000100060000000300080000600500170001400800410003103500190007204000260009104100080011708200220012510000220014724501080016926000320027730000210030965000240033094200120035499900170036695201370038331269BD-RjUL20211209051659.0140415r1960 ii 000 0 eng d a(BD-RjUL)31356 aBD-RjULbengcBD-RjUL aeng a294.108bMAS 19601 aMaurus, J.995160 aSomething to think of :b a collection of quotations from the vedas to the present day /cby J. Maurus. aBombay :bAllahabad,c1960. a148 p. ;c17 cm. 0aHandicraft. 995161 2ddccBK c31269d31269 00102ddc40718NFICaRUCLbRUCLcReadingd1990-10-21eShawkat Usmanl0o294.108 MAS 1960r2014-04-15 00:00:00tC-1w2014-04-15yBK